| 000 | 00873cam a22002651 4500 | ||
|---|---|---|---|
| 001 | 21034 | ||
| 003 | BD-RjUL | ||
| 005 | 20211209000636.0 | ||
| 008 | 140303s1968 enk 001 0 eng | ||
| 035 | _a(BD-RjUL)21097 | ||
| 040 |
_aDLC _cDLC _dDLC _dBD-RjUL _beng |
||
| 041 | _aeng | ||
| 082 | 0 | 0 |
_a820.9 _bAIC 1968 |
| 100 | 1 |
_aAiken, Conrad, _d1889-1973. _954354 |
|
| 245 | 1 | 0 |
_aCollected criticism : _b(formerly A reviewer's ABC) / _c[by] Conrad Aiken; introduced by Rufus A. Blanshard, with a new preface by I. A. Richards. |
| 260 |
_aLondon ; _aNew York : _bOxford U.P., _cc1968. |
||
| 300 |
_a414 p. ; _c21 cm. |
||
| 350 | _aunpriced | ||
| 504 | _aIncludes bibliographical references and index. | ||
| 650 | 0 |
_aEnglish literature _xHistory and criticism. _965003 |
|
| 942 |
_2ddc _cBK |
||
| 999 |
_c21034 _d21034 |
||